| 000 | 01703nam0a2200313 4500 | ||
|---|---|---|---|
| 001 | RU\NLR\BIBL_A\011595378 | ||
| 005 | 20260407202643.0 | ||
| 010 |
_a9785759817192 _9250 |
||
| 021 |
_aRU _b2017-97266 _96996 |
||
| 035 | _a(RuMoRGB)009491903 | ||
| 035 | _a(NLR Aleph) 011595378 | ||
| 090 |
_a10858606 _c10858606 |
||
| 100 | _a20180115d2017 k a0rusy50 ca | ||
| 101 | 0 | _arus | |
| 102 | _aRU | ||
| 105 | _aac i 000zy | ||
| 200 | 1 |
_aИнформационное общество в Российской Федерации _e[статистический сборник] _fМинистерство связи и массовых коммуникаций Российской Федерации, Федеральная служба государственной статистики, Высшая школа экономики Национальный исследовательский университет |
|
| 210 |
_aМосква _cНациональный исследовательский университет "Высшая школа экономики" _d2017 |
||
| 215 |
_a325 с. _cцв. ил., портр. _d30 _e1 электр. опт. диск (CD-ROM) |
||
| 606 | 1 |
_aИнформационное общество _xСтатистика _yРоссийская Федерация _92353160 _3RU\NLR\AUTH\6601628543 |
|
| 686 |
_aУ9(2)0-551.33-05 _2rubbk |
||
| 686 | 1 | _aУ38(2)6-05 | |
| 686 | 1 | _aУ.в612 | |
| 712 | 0 | 1 |
_4475 _aРоссийская Федерация _bМинистерство связи и массовых коммуникаций _3RU\NLR\AUTH\8810134184 _9764419 |
| 942 | _cBOOK | ||
| 980 | _aNBR | ||